Wirtschaft und Statistik

Na minha lista:
Detalhes bibliográficos
Formato: Periódico
Idioma:alemão
Publicado em: Wiesbaden Kohlhammer 1981
Tags: Adicionar Tag
Sem tags, seja o primeiro a adicionar uma tag!

MARC

LEADER 00000nas2a2200000 4500
001 s122676
005 20250730114210.1
041 0 |a ger 
044 |a DE 
245 1 0 |a Wirtschaft und Statistik 
264 1 |a Wiesbaden  |b Kohlhammer  |c 1981 
300 |a 2 zv. 
773 0 |w eu_un_cat*s122678